| 000 | | | 04742nac2a22003013x 450 |
| 001 | | | 89d522e5-38aa-49e7-9002-4d1baf0eb4af |
| 005 | | | 20210716115907.0 |
| 100 | ## | $a | 20210612l19361936k y0rusy50 ca |
| 101 | 0# | $a | rus |
| 102 | ## | $a | RU |
| 105 | ## | $a | y z ||||| |
| 122 | 2# | $a | d19360111 |
| | $a | d19360117 |
| 200 | 1# | $a | Протоколы №№ 1-9 /подлинн./ Заседаний Совета Национальностей 2-й Сессии ЦИК СССР 7-го созыва |
| | $j | 11.01.1936 - 17.01.1936 |
| 215 | ## | $a | 21 лист |
| 251 | ## | $c | Дело |
| 300 | ## | $a | Заголовок дела на папке: Протоколы № 1-9 Заседания Совета Национальностей 2-й Сессии ЦИК Союза ССР 7-го созыва. С 11 по 17 января 1936 г. |
| 300 | ## | $a | Подлинные |
| 300 | ## | $a | Часть текста рукописная и машинописная, часть - напечатана типографским способом |
| 330 | ## | $a | Входит в раздел описи: VII-й Съезд Советов. 2-я Сессия ЦИК СССР |
| 461 | #0 | $1 | 001796d4672-8a00-4986-b488-6e42273792cc |
| | $1 | 2001 |
| | $a | ЦЕНТРАЛЬНЫЙ ИСПОЛНИТЕЛЬНЫЙ КОМИТЕТ СССР (ЦИК СССР) |
| | $1 | 251 |
| | $c | Фонд |
| | $1 | 852 |
| | $j | 3316 |
| | $g | Р |
| 462 | #0 | $1 | 0012246e4af-064a-4b66-b386-cae0ddb7fb2d |
| | $1 | 2001 |
| | $a | Дела 7-го Съезда Советов и 1-й, 2-й, 3-й, 4-й Сессий 7-го созыва. 1935-1937 гг. |
| | $v | Д. 100 |
| | $1 | 251 |
| | $c | Опись |
| | $1 | 852 |
| | $j | 7 |
| 517 | 1# | $a | Протоколы № 1-9 Заседания Совета Национальностей 2-й Сессии ЦИК Союза ССР 7-го созыва. С 11 по 17 января 1936 г. |
| 601 | 01 | $3 | RU\NLR\AUTH\880357276 |
| | $a | СССР |
| | $b | ЦИК |
| 601 | 02 | $3 | RU\NLR\AUTH\880399376 |
| | $a | СССР |
| | $b | ЦИК |
| | $b | Созыв |
| | $c | 7 |
| | $b | Сессия |
| | $d | 2 |
| 601 | 01 | $3 | RU\NLR\AUTH\880398223 |
| | $a | СССР |
| | $b | Центральный исполнительный комитет |
| | $b | Совет национальностей |
| 801 | #0 | $a | RU |
| | $b | GA_RF |
| 801 | #1 | $a | RU |
| | $b | ГлавНИВЦ |
| | $c | 20210612 |
| | $2 | rusmarc |
| 801 | #2 | $a | RU |
| | $b | ПБ им. Б.Н. Ельцина |
| | $c | 20210716 |
| | $g | RCR |
| | $2 | rusmarc |
| 852 | ## | $a | ГА РФ |
| | $j | 100 |
| 937 | ## | $d | 166248571 |
| | $h | ГАРФ |
| 035 | ## | $a | RuPRLIB51060470 |
| 856 | ## | $u | http://readingroom.main.prlib.ru/item.aspx?id_node=n166248571&mode=full |